000 01017cam a22003131 4500
001 5213
003 BD-RjUL
005 20211208234029.0
008 131224s1964 nyu b 001 0 eng
035 _a(BD-RjUL)5249
035 _a(OCoLC)498554
040 _aDLC
_cODaWU
_dOCoLC
_dDLC
_dBD-RjUL
_beng
041 _aeng
082 0 0 _a301.155
_bPEO 1964
100 1 _aPeabody, Robert L.
_916400
245 1 0 _aOrganizational authority :
_bsuperior-subordinate relationships in three public service organizations /
_cRobert L. Peabody.
260 _aNew York :
_bAtherton Press,
_cc1964.
300 _axii, 163 p. ;
_c22 cm.
490 0 _aThe Atherton Press political science series
504 _aBibliography: p. 149-155.
504 _aIncludes index.
650 0 _aAuthority
_vCase studies.
_916401
650 0 _aInterpersonal relations.
_97411
650 0 _aPublic administration.
_916402
650 0 _aCommunication in management.
_916403
942 _2ddc
_cBK
999 _c5213
_d5213